LEADER 01071nam a2200229 i 4500 001 000000257221 003 CaOOAMICUS 005 20180214000000.0 008 180214s2011 it u000 u ita u 013 $a236129 040 $aSeMil$bita 245 13$aLa parola e lo spirito di san Carlo :$ba lode della Beata Vergine Maria, Madre di Dio e Maestra di vita. 260 $a[Saronno] :$bArchivio Storico del Santuario,$c2011. 300 $a173 p. :$bill. ;$c24 cm. 490 0 $aI quaderni del Santuario ;$v24 500 $aIn testa al front. : Anno quartocentenario della canonizzazione. 830 2$aI quaderni del Santuario ;$v24.$0(OLS)http://semarc/title/634 850 $aSeMil 852 $aSeMil$W1$xVenegono$y1$m3P II 263$j207567$B207567$CSeMilBibl$Z2$F222232 $81 961 $aLascito: Tettamanzi Card. Dionigi 996 $6245$aLa parola e lo spirito di san Carlo :$ba lode della Beata Vergine Maria, Madre di Dio e Maestra di vita$9(OLS)http://semarc/title/412735 996 $6260$a[Saronno] :$bArchivio Storico del Santuario$9(OLS)http://semarc/publisher/50911 LEADER 01441nam a2200277 4500 001 000000361797 003 CaOOAMICUS 005 20250224113805.0 008 250221s2022 it 000 u ita r 020 $a978-88-308-1842-2 040 $aSeMil$bita 100 1 $aRizzi, Giuseppe,$c.$0(OLS)http://semarc/name/121537 245 13$aLa cristologia di Marcello Bordoni e la teologia dell'incarnazione di San Tommaso d'Aquino :$banalisi, confronto, prospettive /$cGiuseppe Rizzi ; prefazione di Nicola Ciola. 264 1$aAssisi :$bCittadella,$c2022. 300 $a611 p. ;$c21 cm 490 1 $aStudi cristologici. Nuova serie 650 4$aBordoni, Marcello - Cristologia - Influssi [di] Tommaso : d'Aquino .$0(OLS)http://semarc/subject/57184 700 1 $aCiola, Nicola,$d<1952- >.$0(OLS)http://semarc/name/89472 830 0$aStudi cristologici. Nuova serie.$0(OLS)http://semarc/title/15485 850 $aSeMil 852 $aSeMil$W1$xVenegono$y1$m2N IV 411$j254684$B252741$CSeMilBibl$Z2$F252741 $81 961 $aBrambilla don Paolo - Omaggio 996 $6020$a978-88-308-1842-2$9(OLS)http://semarc/number/302526 996 $6245$aLa cristologia di Marcello Bordoni e la teologia dell'incarnazione di San Tommaso d'Aquino :$banalisi, confronto, prospettive$9(OLS)http://semarc/title/452584 996 $6264$aAssisi :$bCittadella$9(OLS)http://semarc/publisher/29661